00402 2200157 4500001002100000008004100021035002000062245004900082260002800131300002100159020001800180084001400198082000800212650001200220990001200232INLIS000000000001118 ind  a0010-0722000667 aKumpulan Dongeng Tanah JawacVievid D. Utami aYogyakartabEmpat Pilar a40c17,5 x 25 cm a9789790420458 a398 VIE k a398 aFolklor aDI.1483